Normal view
MARC view
Entry Personal Name
001 - CONTROL NUMBER
- control field: 12560
003 - CONTROL NUMBER IDENTIFIER
- control field: OSt
005 - DATE AND TIME OF LATEST TRANSACTION
- control field: 20180321142013.0
008 - FIXED-LENGTH DATA ELEMENTS
- fixed length control field: 180321|| aca||aabn | a|a d
040 ## - CATALOGING SOURCE
- Original cataloging agency: OSt
- Transcribing agency: OSt
100 ## - HEADING--PERSONAL NAME
- Personal name: Khandelwal, K.R.; Sethi, Vrunda K.
670 ## - SOURCE DATA FOUND
- Source citation: Work cat.: (OSt): Khandelwal, K.R.; Sethi, Vrunda K., Practical Pharmacognosy: technique and experiments
